000
00312nam a22001337a 4500
020
_a
81-86308-62-8
041
_a
ENG
100
_a
Bhatia.K.B
245
_a
Maintenance And Control OF Electrical Equipments
260
_a
Delhi
_b
Standard Pub
_c
1999
300
_a
110
650
_a
EOES
856
_u
EOES ( 14 )
999
_c
1107
_d
1107